Score 0/16 Timer 03:00
0 Plays Today
Mixed Word Toolbox Thing % Correct
AWSSaw
99.9%
HAMRMEHammer
98%
VELLELevel
95.7%
SOLBTBolts
95.1%
SALINNails
95.1%
ULGEGlue
94.3%
CTUD PEATDuct Tape
93.7%
LIRDLDrill
93.5%
Mixed Word Toolbox Thing % Correct
ECWRSSScrews
93.3%
FINKEKnife
93%
CREWNHWrench
92.3%
RIEW TECRTUWire Cutter
90%
IRRDWREESVCScrewdriver
89.1%
PEAT EERUAMSTape Measure
87.9%
CLINEPPencil
76.6%
PERILSPliers
62.7%

You're not logged in!

Compare scores with friends on all Sporcle quizzes.
OR
Log In

Sporcle TV

Today on Sporcle TV


Watch our educational content, quiz creation guides, and fun videos on Sporcle TV.

Show Comments

Extras

Top Quizzes Today


Score Distribution

Your Account Isn't Verified!

In order to create a playlist on Sporcle, you need to verify the email address you used during registration. Go to your Sporcle Settings to finish the process.

Report this User

Report this user for behavior that violates our Community Guidelines.

Details: